000
00473nam a2200169Ia 4500
008
090711s9999 xx 000 0 und d
082
_b
59319
100
_a
काकोडकर Sांद्रकांत
245
_a
भास
260
_c
1987
300
_a
183
600
_a
काकोडकर Sांद्रकांत
630
_a
भास
700
_a
काकोडकर Sांद्रकांत
730
_a
भास
942
_c
BOOK
999
_c
292760
_d
292760